000 00317nam a22001337a 4500
008 171101b xxu||||| |||| 00| 0 eng d
020 _a9780060587055
041 _aeng
080 _a339
100 _a59
101 _aTRE
245 _aCULTURE AND PROSPERITY THE TRUTH ABOUT MARKETS
_cKAY.J
942 _2udc
_cBK
999 _c37024
_d37024